Človek, slovo a obraz v médiách

Bibliographic Details
Main Authors: Zasępa, Tadeusz, 1946-2016 (Author), Olekšák, Peter, 1969- (Author), Rončáková, Terézia, 1980- (Author)
Format: Book
Language:Slovak
PhysicalDescription:327 s. 21 cm
Published: Ružomberok Verbum 2010
ISBN:9788080846411
Subjects:

MARC

LEADER 00000cam a2200000 a 4500
001 vtls010277872
003 SK-MaSNL
005 20260512040423.0
008 240315s2010 xo g b 000 0 slo
015 |a SNBA2011/07-03706 
020 |a 9788080846411  |q (brož.) 
035 |a D37EE9C4-3888-4903-87B6-0F85E842B468 
035 |a urn:nbn:sk:snk-amlc5p 
035 |a urn:nbn:sk:snk-am0091jw 
040 |a SNK  |b slo  |c SNK  |e AACR2 
041 0 |a slo 
044 |a xo  |c SK 
072 7 |a 316.4/.7  |x Sociálne interakcie  |2 konspekt 
080 |a 316.728:612.396/.397  |2 2001 
080 |a 37.0:316.774  |2 2001 
080 |a 316.3/.6  |2 2001 
080 |a 27-736-784  |2 2001 
080 |a (048.8)  |2 2001 
080 |a 316.774  |2 2001 
100 1 |a Zasępa, Tadeusz,  |d 1946-2016  |4 aut  |9 186260 
245 1 0 |a Človek, slovo a obraz v médiách  |c Tadeusz Zaşepa, Peter Olekšák, Terézia Rončáková 
260 |a Ružomberok  |b Verbum  |c 2010 
300 |a 327 s.  |c 21 cm 
504 |a Bibliogr. odkazy. Bibliogr. s. 308-327. Pozn. 
650 0 7 |a médiá  |2 SNKPH  |9 1424 
650 0 7 |a audiovizuálna kultúra  |2 SNKPH  |9 4948 
650 0 7 |a mediálna výchova  |2 SNKPH  |9 69210 
650 0 7 |a médiá  |2 SNKPHeng  |9 1424 
650 0 7 |a Audio-visual culture  |2 SNKPHeng  |9 265843 
650 0 7 |a Media education  |2 SNKPHeng  |9 323889 
650 0 7 |a Ecclesiastical institutions and organizations  |2 SNKPHeng  |9 327086 
650 0 7 |a človek a spoločnosť  |2 SNKPH  |9 4102 
650 0 7 |a cirkevné inštitúcie a organizácie  |2 SNKPH  |9 195790 
650 0 7 |a Man and society  |2 SNKPHeng  |9 268434 
655 7 |a monografie  |2 SNKPH  |9 70139 
655 7 |a Monographs  |2 SNKPHeng  |9 120675 
700 1 |a Olekšák, Peter,  |d 1969-  |4 aut  |9 217186 
700 1 |a Rončáková, Terézia,  |d 1980-  |4 aut  |9 253556 
852 |a Štátna vedecká knižnica v Banskej Bystrici 
919 |a 978-80-8084-641-1 
958 |a OND 
958 |a NB 
968 |d 30/31 
999 |c 1007279  |d 1009209 
952 |a SNK  |b SNK  |y PREZ  |7 0  |p 17A0702594  |o snkSC 145332  |i snk2011/10929  |8 0  |0 0  |1 0  |4 0  |d 2011-05-12  |f 1  |l 0  |r 2025-07-14 00:00:00  |w 2026-02-24 
952 |a SNK  |b SNK  |y VYP  |7 0  |p 17A0702593  |o snkSC 145332 D1  |i snk2011/10930  |8 0  |0 0  |1 0  |4 0  |d 2011-05-12  |l 0  |r 2026-02-24 12:40:16  |w 2026-02-24